Basho : The narrow road to the deep north and other travel sketches

Bewaard in:
Bibliografische gegevens
Hoofdauteur: Matsuo, Basho
Formaat: Boek
Taal:Undetermined
Gepubliceerd in: Harmondsworth Penguin Books 1966
Onderwerpen:
Tags: Voeg label toe
Geen labels, Wees de eerste die dit record labelt!
Thư viện lưu trữ: Trung tâm Học liệu Trường Đại học Cần Thơ
LEADER 00702nam a2200205Ia 4500
001 CTU_113583
008 210402s9999 xx 000 0 und d
082 |a 895.6 
082 |b M434 
100 |a Matsuo, Basho 
245 0 |a Basho : 
245 4 |b The narrow road to the deep north and other travel sketches 
245 0 |c Basho Matsuo; Translated from the Japanese with an introduction by Nobuyuki Yuasa 
260 |a Harmondsworth 
260 |b Penguin Books 
260 |c 1966 
650 |a Matsuo, basho, 1644-1694,Voyages and travels,Japanese literature 
650 |x Translations into english,Early works to 1800 
904 |i Giang 
980 |a Trung tâm Học liệu Trường Đại học Cần Thơ